Quiz sur le Gard - Statistiques

Statistiques générales
  • Ce quiz a été pris 3 704 fois
  • Le résultat moyen est 12 sur 18
Statistiques - réponses
Question Réponse % Correct
Préfecture et ville la plus peuplée Nîmes
96%
Région dans laquelle il se situe Occitanie
96%
Numéro du département 30
95%
Monument emblématique de celle-ci, qui accueille les corridas Arènes
94%
Région naturelle connue pour son riz et ses taureaux Camargue
84%
Ville commençant par U qui se situe à proximité du Pont du Gard Uzès
78%
Région historique et culturelle à laquelle le département appartient,du nom de la langue qui y est traditionnellement parlée Languedoc
72%
Massif majeur auquel cette dernière appartient Massif Central
69%
Région montagneuse au nord du département Cévennes
67%
Sous-préfectures, toutes deux situées dans ces montagnes Alès
62%
Chanteur adepte du ukulélé qui a notamment signé Paris-Seychelles Julien Doré
60%
Eau minérale gazeuse dont la source est à Vergèze Perrier
56%
Tissu communément utilisé pour fabriquer les blue jeans,originaire de la préfecture comme son nom l'indique Denim
54%
Défenseur puis entraîneur qui a remporté la Coupe du Monde 1998,devenant le premier buteur en or de l'Histoire de la compétition Laurent Blanc
51%
Auteur du Petit Chose et de Lettres de mon moulin,dont L'Arlésienne et La chèvre de Monsieur Seguin Alphonse Daudet
46%
Sous-préfectures, toutes deux situées dans ces montagnes Le {Vigan}
41%
Président de l'entre-deux-guerres né à Aigues-Vives Gaston Doumergue
23%
Spécialité culinaire de la préfecture, consommée en entrée, qui consiste en de la pâte brisée fourrée à la viande Petit {pâté}
20%
Aucun quiz correspondant
Distribution des résultats
% des personnes avec chaque résultat
Percentile par nombre de réponses
Votre historique - résultats
Vous n’avez pas pris ce quiz